[Event "Nezhmetdinov Memorial 38th"]
[Site "Kazan"]
[Date "2016.06.05"]
[Round "6"]
[White "Talipov, Vitaly"]
[Black "Shafigullina, Zarina"]
[Result "0-1"]
[WhiteElo "1616"]
[BlackElo "1901"]
[PlyCount "64"]
[EventDate "2016.05.31"]
[EventType "swiss"]
[EventRounds "9"]
[EventCountry "RUS"]
[SourceTitle "CBM 172 Extra"]
[Source "ChessBase"]
[SourceDate "2016.06.21"]
[SourceVersion "1"]
[SourceVersionDate "2016.06.21"]
[SourceQuality "1"]

1. e4 c5 2. Nf3 Nc6 3. Nc3 e5 4. Bc4 d6 5. h3 Be7 6. a3 Nf6 7. d3 0-0 8. Bg5 Be6 9. Bxf6 Bxf6 10. Nd5 Be7 11. c3 Rc8 12. b4 a6 13. Qb3 b5 14. Nxe7+ Qxe7 15. Bxe6 fxe6 16. bxc5 dxc5 17. 0-0 Qd6 18. Ng5 Rf6 19. Rfd1 Rcf8 20. Ra2 Rg6 21. h4 Qe7 22. Kf1 Rgf6 23. g3 h6 24. Nh3 g5 25. hxg5 hxg5 26. Kg2 g4 27. Ng1 Qf7 28. Rdd2 Qh5 29. Qd1 Rh6 30. Kf1 Rf3 31. Ke2 Rhf6 32. Nxf3 gxf3+ 0-1

[Event "Nezhmetdinov Memorial 38th"]
[Site "Kazan"]
[Date "2016.06.04"]
[Round "5"]
[White "Bezdenezhnyh, Pavel"]
[Black "Talipov, Vitaly"]
[Result "1-0"]
[WhiteElo "2181"]
[BlackElo "1616"]
[PlyCount "43"]
[EventDate "2016.05.31"]
[EventType "swiss"]
[EventRounds "9"]
[EventCountry "RUS"]
[SourceTitle "CBM 172 Extra"]
[Source "ChessBase"]
[SourceDate "2016.06.21"]
[SourceVersion "1"]
[SourceVersionDate "2016.06.21"]
[SourceQuality "1"]

1. e4 c5 2. Nf3 d6 3. d4 cxd4 4. Nxd4 Nf6 5. Nc3 g6 6. f4 Nc6 7. Nxc6 bxc6 8. e5 dxe5 9. Qxd8+ Kxd8 10. fxe5 Ng4 11. Bf4 Bg7 12. 0-0-0+ Ke8 13. Nb5 Bd7 14. Nc7+ Kd8 15. Nxa8 Nf2 16. Bc4 Nxh1 17. e6 fxe6 18. Bxe6 Nf2 19. Rxd7+ Kc8 20. Rxe7+ Kd8 21. Rxg7 Ne4 22. Rd7+ 1-0